Mixed Word: Peppers Quiz Stats

 Plays Quiz Updated Aug 30, 2015

Challenge
Share
Tweet
Embed
Score 0/12 Timer 04:00
0 Plays Today
Scramble Pepper % Correct
LEBLBell
99.7%
NABNAABanana
88.5%
JOALPENAJalapeno
84.9%
REHCRYCherry
75.8%
AHITThai
69.9%
BANHAREOHabanero
66.2%
COTSCH NETNOBScotch Bonnet
61.4%
YENNAECCayenne
44.4%
RASRENOSerrano
28.8%
BLAPOONPoblano
22.1%
SNOERFFresno
19.5%
HIMENAAAnaheim
11.4%

You're not logged in!

Compare scores with friends on all Sporcle quizzes.
Join for Free
OR
Log In

You Might Also Like...

Show Comments

Extras

Top Quizzes Today


Score Distribution

Your Account Isn't Verified!

In order to create a playlist on Sporcle, you need to verify the email address you used during registration. Go to your Sporcle Settings to finish the process.

Report this User

Report this user for behavior that violates our Community Guidelines.

Details: